000 00605nam a2200241Ia 4500
008 171120s9999 xx 000 0 und d
020 _a9715901263
050 _a282.09
050 _bB144 2012
100 _aBagadiong, Anna
245 _aLives of saints /
245 _cby Anna Bagadiong ; compiled by Daughters of St. Paul.
260 _aPhilippines :
260 _bPaulines,
260 _c2012
300 _a237 pages :
300 _billustrations ;
300 _c17cm.
650 _aChristian saints --
650 _xLegends.
700 _aDaughters of St. Paul.
700 _aTitle.
999 _c345458
_d345458